[Event "Ski Follosjakken Grand Prix 2 B"]
[White "Omland, Harald"]
[Black "Westrum, Kim Roger Hansen"]
[Site "Ski"]
[Round "5"]
[Result "0-1"]
[Date "2018.05.19"]
[WhiteElo "1463"]
[BlackElo "1395"]
[PlyCount "52"]
[EventDate "2018.05.19"]
[EventType "swiss (rapid)"]
[EventRounds "6"]
[EventCountry "NOR"]
[SourceTitle "EXT 2024"]
[Source "ChessBase"]
[SourceDate "2023.10.10"]
[SourceVersion "1"]
[SourceVersionDate "2023.10.10"]
[SourceQuality "1"]

1. f4 d5 2. Nf3 Nf6 3. e3 e6 4. Be2 c5 5. 0-0 Nc6 6. Nc3 Be7 7. b3 0-0 8. Bb2 a6 9. Qe1 Ne4 10. Nxe4 dxe4 11. Qg3 f6 12. Ne1 Bd6 13. d3 exd3 14. Bxd3 e5 15. Qh4 g6 16. f5 g5 17. Qh6 Qe7 18. Bc4+ Kh8 19. Rd1 b5 20. Bd5 Bd7 21. Rf3 Rac8 22. a3 Bc7 23. Nd3 Bd8 24. g4 e4 25. Bxe4 Qxe4 26. Rh3 Qxg4+ 0-1

[Event "Asker Autumn A"]
[White "Omland, Harald"]
[Black "Leonhardsen, Vebjorn Maanum"]
[Site "Asker"]
[Round "3"]
[Result "0-1"]
[Date "2017.09.11"]
[WhiteElo "1615"]
[BlackElo "1483"]
[PlyCount "130"]
[EventDate "2017.08.28"]
[EventType "swiss"]
[EventRounds "9"]
[EventCountry "NOR"]
[SourceTitle "EXT 2024"]
[Source "ChessBase"]
[SourceDate "2023.10.10"]
[SourceVersion "1"]
[SourceVersionDate "2023.10.10"]
[SourceQuality "1"]

1. e4 c6 2. d4 d5 3. e5 Bf5 4. Bd3 Bxd3 5. Qxd3 e6 6. Nf3 Nd7 7. c4 Bb4+ 8. Nc3 Ne7 9. 0-0 h6 10. Bd2 dxc4 11. Qxc4 Bxc3 12. bxc3 Nb6 13. Qb3 Qd5 14. Be3 Qxb3 15. axb3 0-0 16. Nd2 Nbd5 17. Ne4 Nxe3 18. fxe3 Nf5 19. Rf3 h5 20. Ng5 g6 21. Ne4 a5 22. Raf1 b5 23. Ng5 a4 24. bxa4 bxa4 25. e4 Nh6 26. c4 a3 27. Ra1 Ra4 28. d5 cxd5 29. cxd5 exd5 30. exd5 Rb8 31. Rfxa3 Rxa3 32. Rxa3 Rb1+ 33. Kf2 Ng4+ 34. Kf3 Nxe5+ 35. Ke4 Re1+ 36. Kd4 Kg7 37. d6 Kf6 38. Ne4+ Ke6 39. Ra6 Rd1+ 40. Kc5 Rc1+ 41. Kd4 Rd1+ 42. Kc5 Rc1+ 43. Kb6 Rc6+ 44. Kb7 Rxa6 45. Kxa6 f5 46. Ng5+ Kxd6 47. Kb6 Kd5 48. Kc7 Ng4 49. Nf3 Ne3 50. Nh4 g5 51. Nf3 g4 52. Nh4 Ke4 53. Kd6 f4 54. Ke6 f3 55. gxf3+ gxf3 56. Nxf3 Kxf3 57. Kf6 Kg4 58. Ke5 Nf1 59. h4 Ng3 60. Kd4 Nf5+ 61. Ke4 Nxh4 62. Ke3 Kg3 63. Ke2 Nf3 64. Kf1 h4 65. Ke2 h3 0-1

[Event "Asker CC-ch Master"]
[White "Omland, Harald"]
[Black "Aulin Jansson, Joran"]
[Site "Asker"]
[Round "8"]
[Result "0-1"]
[Date "2017.04.03"]
[WhiteElo "1639"]
[BlackElo "2278"]
[PlyCount "74"]
[EventDate "2017.01.09"]
[EventType "tourn"]
[EventRounds "9"]
[EventCountry "NOR"]
[SourceTitle "EXT 2024"]
[Source "ChessBase"]
[SourceDate "2023.10.10"]
[SourceVersion "1"]
[SourceVersionDate "2023.10.10"]
[SourceQuality "1"]

1. f4 e5 2. fxe5 d6 3. exd6 Bxd6 4. Nf3 g5 5. g3 Nc6 6. d4 g4 7. Nh4 Nxd4 8. Qd3 Ne7 9. Bg5 Be5 10. c3 Ndc6 11. Bg2 Qxd3 12. exd3 Ng6 13. Bxc6+ bxc6 14. Nxg6 hxg6 15. 0-0 0-0 16. Bf4 Bd6 17. Nd2 Be6 18. Ne4 Rfd8 19. Bg5 Rdb8 20. b3 a5 21. Bf4 a4 22. b4 Rd8 23. Bg5 f5 24. Bxd8 fxe4 25. Bf6 exd3 26. a3 c5 27. Rae1 Bb3 28. Bg5 Bd5 29. Bd2 Bf3 30. c4 Be2 31. Rxe2 dxe2 32. Re1 cxb4 33. Bxb4 Bxb4 34. axb4 a3 35. Kf2 Rf8+ 36. Kg2 a2 37. b5 Rf1 0-1

[Event "Asker CC-ch Master"]
[White "Lindblom, Roar"]
[Black "Omland, Harald"]
[Site "Asker"]
[Round "5"]
[Result "1-0"]
[Date "2017.03.06"]
[WhiteElo "1867"]
[BlackElo "1639"]
[PlyCount "59"]
[EventDate "2017.01.09"]
[EventType "tourn"]
[EventRounds "9"]
[EventCountry "NOR"]
[SourceTitle "EXT 2024"]
[Source "ChessBase"]
[SourceDate "2023.10.10"]
[SourceVersion "1"]
[SourceVersionDate "2023.10.10"]
[SourceQuality "1"]

1. d4 c5 2. d5 Nf6 3. c4 e6 4. Nc3 exd5 5. cxd5 d6 6. e4 Be7 7. h3 0-0 8. Nf3 Nbd7 9. Bd3 a6 10. a4 b6 11. 0-0 Re8 12. Bf4 Kh8 13. Re1 Bb7 14. Bh2 h6 15. Qd2 Nh7 16. Rac1 Ndf8 17. Qc2 Ng6 18. e5 Ng5 19. exd6 Nxf3+ 20. gxf3 Bg5 21. Rcd1 Nf4 22. Rxe8+ Qxe8 23. Bf5 Bc8 24. h4 Bxf5 25. Qxf5 Ne2+ 26. Kf1 Nxc3 27. Re1 Qxa4 28. hxg5 Qc4+ 29. Kg2 Nxd5 30. d7 1-0

[Event "Asker CC-ch Master"]
[White "Omland, Harald"]
[Black "Grondahl, David A"]
[Site "Asker"]
[Round "4"]
[Result "1-0"]
[Date "2017.02.13"]
[WhiteElo "1639"]
[BlackElo "1676"]
[PlyCount "27"]
[EventDate "2017.01.09"]
[EventType "tourn"]
[EventRounds "9"]
[EventCountry "NOR"]
[SourceTitle "EXT 2024"]
[Source "ChessBase"]
[SourceDate "2023.10.10"]
[SourceVersion "1"]
[SourceVersionDate "2023.10.10"]
[SourceQuality "1"]

1. f4 d5 2. Nf3 g6 3. e3 Bg7 4. Be2 Nd7 5. d4 Nh6 6. c4 c6 7. 0-0 Nf6 8. Nc3 Nf5 9. Ne5 Nd6 10. Qb3 Nde4 11. cxd5 Nxc3 12. bxc3 Nxd5 13. e4 Nb6 14. Qxf7# 1-0

[Event "Asker CC-ch Class A"]
[White "Omland, Harald"]
[Black "Grondahl, Jan Robert"]
[Site "Asker"]
[Round "9"]
[Result "1-0"]
[Date "2016.05.09"]
[WhiteElo "1309"]
[BlackElo "997"]
[PlyCount "84"]
[EventDate "2016.01.11"]
[EventType "swiss"]
[EventRounds "9"]
[EventCountry "NOR"]
[SourceTitle "EXT 2024"]
[Source "ChessBase"]
[SourceDate "2023.10.10"]
[SourceVersion "1"]
[SourceVersionDate "2023.10.10"]
[SourceQuality "1"]

1. f4 d5 2. Nf3 g6 3. e3 Bg7 4. Be2 Nh6 5. 0-0 0-0 6. d4 c6 7. c4 Nd7 8. Nc3 Nf6 9. Ne5 Nd7 10. Bf3 Nxe5 11. fxe5 Be6 12. cxd5 cxd5 13. Qb3 f6 14. exf6 Rxf6 15. Bd2 Qd7 16. Bxd5 Bxd5 17. Qxd5+ Qxd5 18. Nxd5 Rxf1+ 19. Rxf1 Re8 20. Nc7 Rf8 21. Rxf8+ Kxf8 22. Ne6+ Kg8 23. Nd8 Nf7 24. Nxb7 Nd6 25. Nxd6 exd6 26. Kf2 Kf7 27. Kf3 Ke6 28. Bc3 d5 29. h4 Bf6 30. g3 a6 31. e4 Be7 32. e5 Kd7 33. Bd2 Kc6 34. Kg4 h5+ 35. Kf3 Kb5 36. Bg5 Kc4 37. Bxe7 Kxd4 38. Bd6 Kc4 39. e6 d4 40. Ke2 Kd5 41. e7 d3+ 42. Kd2 Kxd6 1-0

[Event "Asker Host A"]
[White "Omland, Harald"]
[Black "Grondahl, Jan Robert"]
[Site "Asker"]
[Round "1"]
[Result "1-0"]
[Date "2015.10.12"]
[WhiteElo "1579"]
[BlackElo "1152"]
[PlyCount "93"]
[EventDate "2015.09.21"]
[EventType "swiss"]
[EventRounds "9"]
[EventCountry "NOR"]
[SourceTitle "EXT 2023"]
[Source "ChessBase"]
[SourceDate "2022.10.05"]
[SourceVersion "1"]
[SourceVersionDate "2022.10.05"]
[SourceQuality "1"]

1. f4 d5 2. Nf3 Nf6 3. e3 Nc6 4. Bb5 Bd7 5. 0-0 a6 6. Be2 e6 7. c4 Bd6 8. Nc3 Ne7 9. b3 c6 10. Bb2 0-0 11. Qc2 Ng6 12. Bd3 Ne8 13. Ng5 f5 14. Rf3 h6 15. Nh3 Nf6 16. Rd1 b5 17. cxb5 axb5 18. Ra1 b4 19. Ne2 c5 20. Nf2 Qe7 21. Rg3 Qf7 22. Kh1 Rac8 23. Qb1 c4 24. bxc4 Ne4 25. Bxe4 dxe4 26. Nxe4 fxe4 27. Qxe4 Bc6 28. Qxg6 Qxg6 29. Rxg6 Rf7 30. Rxe6 Bf8 31. d3 Bd7 32. Rb6 Bg4 33. Nd4 Bc5 34. Rg6 Bd7 35. h3 Re8 36. Rg3 Ref8 37. Ne2 g5 38. fxg5 Rf1+ 39. Rxf1 Rxf1+ 40. Kh2 Bd6 41. Nf4 Rxf4 42. exf4 Bxf4 43. gxh6+ Kh7 44. Bg7 Bf5 45. d4 Kg8 46. Be5+ Bxg3+ 47. Kxg3 1-0

[Event "Asker CC-ch A"]
[White "Omland, Harald"]
[Black "Lovberget, Erik"]
[Site "Asker"]
[Round "3"]
[Result "0-1"]
[Date "2015.03.16"]
[WhiteElo "1314"]
[BlackElo "1322"]
[PlyCount "99"]
[EventDate "2015.02.23"]
[EventType "swiss"]
[EventRounds "9"]
[EventCountry "NOR"]
[SourceTitle "EXT 2023"]
[Source "ChessBase"]
[SourceDate "2022.10.05"]
[SourceVersion "1"]
[SourceVersionDate "2022.10.05"]
[SourceQuality "1"]

1. d4 d5 2. e4 dxe4 3. Nc3 Nf6 4. f3 e5 5. dxe5 Qxd1+ 6. Kxd1 Nfd7 7. Nxe4 Nxe5 8. Bf4 f6 9. Bxe5 fxe5 10. Bd3 Be7 11. Ne2 0-0 12. Kd2 Be6 13. Rad1 Nc6 14. c3 a6 15. Kc2 Rad8 16. Rd2 Rd7 17. Re1 Kh8 18. h4 Nd8 19. Ng5 Bg8 20. Ne4 c5 21. Ng5 h6 22. Nh3 Nc6 23. h5 Rfd8 24. Rdd1 Bxa2 25. Nc1 Bd5 26. Bf5 Rd6 27. f4 Bxg2 28. Rxd6 Bxd6 29. fxe5 Bxh3 30. Bxh3 Nxe5 31. Rd1 Be7 32. Re1 Bf6 33. Nb3 b6 34. Nd2 Nd3 35. Rf1 Ne5 36. Rf5 c4 37. Ne4 Rd3 38. Bg2 Ng4 39. Rf2 Nxf2 40. Nxf2 Re3 41. Kd2 Re5 42. Bf3 Bg5+ 43. Kd1 a5 44. Ne4 Rd5+ 45. Kc2 Rd3 46. Bg4 Rd5 47. Be2 Re5 48. Bf3 Re6 49. Kd1 Re8 50. Nd6 0-1